000 00913cam a2200229 4500
001 WB3740-21
008 011024n2001 000 0 eng u
035 _a(Sirsi) u115269
245 _aNew model for reviews
260 _c2001
490 _aProperty Week
_v66(42) 19 October 2001, 7(1)
520 _aThe Association of British Insurers proposes a new model commercial lease as an alternative to upward-only rent reviews. Under the proposed form of lease rents would be upward only for the first 10 years. After the second rent review, the lease would become upward or downward reflecting market conditions.
590 _aWB
650 _aASSOCIATION OF BRITISH INSURERS
650 _aUPWARD ONLY RENT REVIEWS
650 _aPROPERTY-COMMERCIAL PROPERTY
650 _aPROPERTY INDUSTRY FORUM
650 _aLEASES
650 _aPROPOSALS
690 _aLANDLORD AND TENANT-RENT REVIEWS
942 _n0
999 _c68652
_d68652